Talking animals : medieval latin beast poetry, 750-1150 /
Guardado en:
| Autor Principal: | |
|---|---|
| Formato: | Libro |
| Publicado: |
Philadelphia :
University Of Pennsylvania Press,
1993
|
| Materias: | |
| Etiquetas: |
Agregar Etiqueta
Sin Etiquetas, Sea el primero en etiquetar este registro!
|
| LEADER | 00564nam a22001695a 4500 | ||
|---|---|---|---|
| 001 | EHU.bham024447 | ||
| 003 | AR-BHAM | ||
| 005 | 20120903122638.0 | ||
| 008 | 130507s1993##################000#0#####d | ||
| 082 | 8 | 7 | |a 871.03 |
| 100 | 1 | |a Ziolkowski, Jan M. | |
| 245 | 1 | 0 | |a Talking animals : |b medieval latin beast poetry, 750-1150 / |c Jan M. Ziolkowski |
| 260 | |a Philadelphia : |b University Of Pennsylvania Press, |c 1993 | ||
| 300 | |a 354 p. | ||
| 653 | |a Poesia latina medieval y moderna | ||
| 653 | |a Literatura latina | ||
| 859 | |a AR-BHAM |b BIB. HUMANIDADES - General |h 871.03 |i Z68 |p 193.02 |t Ej.1 | ||
